01528 2200349 4500001002100000005001500021035002000036008004100056020001800097041000800115082001100123084001700134100001800151245004500169260004400214300003400258520049200292650005000784650004400834990002500878990002500903990002500928990002500953990002500978990002501003990002501028990002501053990002501078990002501103990002501128990002501153INLIS00000000000944120221101044127 a0010-0520009441221101 | | ind  a979-3654-86-4 aind a340.56 a340.56 ZUL s0 aZulaini Wahab1 aSegi Hukum Dana Pensiun /cZulaini Wahab aJakarta :bRaja Grafindo Persada,c2005 axii, 412 hlm.; 21 cm ;c21 cm aSaat ini literatur mengenai dana pensiun masih sangat langka, termasuk literatur yang membahas segi hukum dana pensiun. Oleh karena itu, dalam buku ini akan dijelaskan mengenai dana pensiun dari segi hukum. Pembahasannya terdiri dari sejarah perkembangan dana pensiun di Indonesia, badan hukum dana pensiun, asas-asas pokok dana pensiun, segi hukum perdata dana pensiun, segi hukum publik dana pensiun, segi hukum pidana dana pensiun, pembubaran, penggabungan dan pemisahan dana pensiun. 4aPension trusts-Law and legislation-Indonesia. 4aPensions-Law and legislation-Indonesia. a21413/MKRI-P/XI-2011 a21412/MKRI-P/XI-2011 a21414/MKRI-P/XI-2011 a21415/MKRI-P/XI-2011 a21413/MKRI-P/XI-2011 a21412/MKRI-P/XI-2011 a21414/MKRI-P/XI-2011 a21415/MKRI-P/XI-2011 a21412/MKRI-P/XI-2011 a21413/MKRI-P/XI-2011 a21414/MKRI-P/XI-2011 a21415/MKRI-P/XI-2011